ASTRODYNAMICS APPICATIONS AND ADVANCED TOPICS (Record no. 580274)
[ view plain ]
| 000 -LEADER | |
|---|---|
| fixed length control field | 00253nam a22001097a 4500 |
| 082 ## - DEWEY DECIMAL CLASSIFICATION NUMBER | |
| Classification number | 520 BAK'A |
| 100 ## - MAIN ENTRY--PERSONAL NAME | |
| Personal name | BAKER, R. M. L |
| 9 (RLIN) | 74774 |
| 245 ## - TITLE STATEMENT | |
| Title | ASTRODYNAMICS APPICATIONS AND ADVANCED TOPICS |
| 260 ## - PUBLICATION, DISTRIBUTION, ETC. | |
| Place of publication, distribution, etc. | USA |
| Name of publisher, distributor, etc. | AP |
| Date of publication, distribution, etc. | 1967 |
| 300 ## - PHYSICAL DESCRIPTION | |
| Extent | 540P |
| 942 ## - ADDED ENTRY ELEMENTS (KOHA) | |
| Koha item type | Book |
| Withdrawn status | Lost status | Damaged status | Not for loan | Permanent Location | Current Location | Shelving location | Date acquired | Total Checkouts | Full call number | Barcode | Date last seen | Date last checked out | Price effective from | Koha item type |
|---|---|---|---|---|---|---|---|---|---|---|---|---|---|---|
| College of Electrical & Mechanical Engineering (CEME) | College of Electrical & Mechanical Engineering (CEME) | General Stacks | 05/10/2017 | 1 | 520 BAK'A | CEME-15445 | 12/18/2025 | 12/21/2022 | 06/28/2021 | Book |
